000
00302nam a22001337a 4500
003
SGT
082
_a
342.0954
_b
SEE
100
_a
SEERVAI H M
245
_a
CONSTITUTIONAL LAW OF INDIA
_b
SUPPLEMENT
250
_a
3
260
_a
BOMBAY
_b
N M TRIPATHI PVT LTD.
_c
1988
300
_a
592
942
_2
ddc
_c
BK
999
_c
27621
_d
27621